<?xml version="1.0" encoding="UTF-8"?>
<record
    xmlns:xsi="http://www.w3.org/2001/XMLSchema-instance"
    xsi:schemaLocation="http://www.loc.gov/MARC21/slim http://www.loc.gov/standards/marcxml/schema/MARC21slim.xsd"
    xmlns="http://www.loc.gov/MARC21/slim">

  <leader>01709cam a2200289   4500500</leader>
  <controlfield tag="005">20260329004757.0</controlfield>
  <datafield tag="041" ind1=" " ind2=" ">
    <subfield code="a">fre</subfield>
  </datafield>
  <datafield tag="042" ind1=" " ind2=" ">
    <subfield code="a">dc</subfield>
  </datafield>
  <datafield tag="100" ind1="1" ind2="0">
    <subfield code="a">Pierre, Christophe</subfield>
    <subfield code="e">author</subfield>
  </datafield>
  <datafield tag="245" ind1="0" ind2="0">
    <subfield code="a">Culture woke et post-lib&#xE9;ralisme. La r&#xE9;ponse de la doctrine sociale de l&#x2019;&#xC9;glise</subfield>
  </datafield>
  <datafield tag="260" ind1=" " ind2=" ">
    <subfield code="c">2026.
							</subfield>
  </datafield>
  <datafield tag="500" ind1=" " ind2=" ">
    <subfield code="a">22</subfield>
  </datafield>
  <datafield tag="520" ind1=" " ind2=" ">
    <subfield code="a">Face &#xE0; la crise du lib&#xE9;ralisme, deux r&#xE9;ponses id&#xE9;ologiques ont &#xE9;merg&#xE9;&#xA0;: la culture woke et le post-lib&#xE9;ralisme. L&#x2019;une met l&#x2019;accent sur l&#x2019;identit&#xE9; et la m&#xE9;moire r&#xE9;paratrice, l&#x2019;autre sur la communaut&#xE9; et la tradition. Toutes deux reposent sur des anthropologies partielles. La doctrine sociale de l&#x2019;&#xC9;glise offre une alternative int&#xE9;grale fond&#xE9;e sur la dignit&#xE9; humaine, le bien commun et la fraternit&#xE9; universelle.</subfield>
  </datafield>
  <datafield tag="520" ind1=" " ind2=" ">
    <subfield code="a">In response to the crisis of liberalism, two ideological movements have arisen: woke culture and post-liberalism. One emphasizes identity and restorative memory, the other community and tradition. Both rely on partial anthropologies. Catholic social teaching offers a holistic alternative grounded in human dignity, the common good, and universal fraternity.</subfield>
  </datafield>
  <datafield tag="690" ind1=" " ind2=" ">
    <subfield code="a">Anthropologie chr&#xE9;tienne</subfield>
  </datafield>
  <datafield tag="690" ind1=" " ind2=" ">
    <subfield code="a">Catholic social teaching</subfield>
  </datafield>
  <datafield tag="690" ind1=" " ind2=" ">
    <subfield code="a">Christian anthropology</subfield>
  </datafield>
  <datafield tag="690" ind1=" " ind2=" ">
    <subfield code="a">Culture woke</subfield>
  </datafield>
  <datafield tag="690" ind1=" " ind2=" ">
    <subfield code="a">Doctrine sociale de l&#x2019;&#xC9;glise</subfield>
  </datafield>
  <datafield tag="690" ind1=" " ind2=" ">
    <subfield code="a">Liberalism</subfield>
  </datafield>
  <datafield tag="690" ind1=" " ind2=" ">
    <subfield code="a">Lib&#xE9;ralisme</subfield>
  </datafield>
  <datafield tag="690" ind1=" " ind2=" ">
    <subfield code="a">Post-liberalism</subfield>
  </datafield>
  <datafield tag="690" ind1=" " ind2=" ">
    <subfield code="a">Post-lib&#xE9;ralisme</subfield>
  </datafield>
  <datafield tag="690" ind1=" " ind2=" ">
    <subfield code="a">Woke culture</subfield>
  </datafield>
  <datafield tag="786" ind1="0" ind2=" ">
    <subfield code="n">Nouvelle revue th&#xE9;ologique | 148 | 2 | 2026-03-10 | p. 239-259 | 0029-4845</subfield>
  </datafield>
  <datafield tag="856" ind1="4" ind2="1">
    <subfield code="u">https://shs.cairn.info/revue-nouvelle-revue-theologique-2026-2-page-239?lang=fr&amp;redirect-ssocas=7080</subfield>
  </datafield>
  <datafield tag="999" ind1=" " ind2=" ">
    <subfield code="c">1837205</subfield>
    <subfield code="d">1837205</subfield>
  </datafield>
</record>
